00796nam a2200157Ia 4500008004100000020001800041041000800059082001600067100002200083245032800105250000600433260003900439300001100478999001900489952013000508210716s2016 xx 000 0 und d a9781785282195 aeng a006.31 SUGY aSugomori, Yusuke. aJava deep learning essentials: drive into the future of data science and learn how to build the sophisticated algorithms that are fundamental to deep learning and al with java.bDrive into the future of data science and learn how to build the sophisticated algorithms that are fundamental to deep learning and al with java. a1 aMumbaibPackt Publishing Ltdc2016 aix,236 c196599d196599 001040708MCAaAIMITbAIMITeKnowledge Worldg799.00l0o006.31 SUGYpMCA16114r2026-05-23 00:00:00v599.25w2021-07-16yBK